书目信息 |
| 题名: |
国际金融
|
|
| 作者: | 杨培雷 编著 | |
| 分册: | ||
| 出版信息: | 汉口 湖北科学技术出版社 1998.07 |
|
| 页数: | 392页 | |
| 开本: | 32开 | |
| 丛书名: | ||
| 单 册: | ||
| 中图分类: | F831 | |
| 科图分类: | ||
| 主题词: | 金融 , 银行 | |
| 电子资源: | ||
| ISBN: | 7-5352-1973-X | |
| 000 | 00551nam0 2200205 45 | |
| 001 | 0008140812 | |
| 005 | 20000814083232.7 | |
| 010 | @a7-5352-1973-X@d18.00元 | |
| 100 | @a20000814d1998 km y0chiy0120 ea | |
| 101 | 0 | @achi |
| 105 | @a z 000yy | |
| 200 | 1 | @a国际金融@AGuo Ji Jin Rong@f杨培雷 编著@FYang Pei Lei Bian Zhu |
| 210 | @a汉口@c湖北科学技术出版社@d1998.07 | |
| 215 | @a392页@d32开 | |
| 606 | 0 | @a金融 |
| 606 | 0 | @a银行 |
| 690 | @aF831@v3 | |
| 701 | 0 | @a杨培雷@4编著 |
| 801 | @aCN@bPftUser@c20000814 | |
| 905 | @b104978-980@dF831@eY431@f3 | |
| 国际金融/杨培雷 编著.-汉口:湖北科学技术出版社,1998.07 |
| 392页;32开 |
| ISBN 7-5352-1973-X:18.00元 |
| ● |
| 相关链接 |
|
|
|
正题名:国际金融
索取号:F831/Y431
 
预约/预借
| 序号 | 登录号 | 条形码 | 馆藏地/架位号 | 状态 | 备注 |
| 1 | 104978 | 201049784 | 社科二线422/422社科库 31排3列4层/ [索取号:F831/Y431] | 在馆 | |
| 2 | 104979 | 201049793 | 社科库409/409社科库 53排7列4层/ [索取号:F831/Y431] | 在馆 | |
| 3 | 104980 | 201049800 | 社科二线422/422社科库 31排3列4层/ [索取号:F831/Y431] | 在馆 |